000 00723cab a2200205 4500
001 ABS40778
008 090401t1989 xxu||||| |||| 00| 0 eng d
035 _a(Sirsi) u25968
041 _aeng
100 _aCurwell, S.R.
245 _aCFCs in buildings - the developers responsibility
260 _c1989
350 _a0
490 _aProperty Journal
_v14(2) April 1989, 11-16(3)
520 _aInvestigates the use of CFCs in buildings mainly for insulation , refrigerants in air conditioning cooling systems , aerosol foam spray sealants and fire protection equipment and how their use can be reduced.
690 _aCONSERVATION AND THE ENVIRONMENT
700 _aMarch, C.G.
942 _n0
948 _c04/03/1997
999 _c17440
_d17440